| 000 | 00690nam a2200205 i 4500 | ||
|---|---|---|---|
| 001 | 111326 | ||
| 003 | ES-MaACL | ||
| 005 | 20250822090136.0 | ||
| 007 | t| | ||
| 008 | 061121s1977 sp r ||||1| fre d | ||
| 100 | 1 |
_aNehama, Joseph. _985325 |
|
| 245 | 1 | 0 |
_aDictionnaire du judéo-espagnol / _cpar Joseph Nehama ; avec la collaboration de Jesús Cantera. |
| 260 |
_aMadrid : _bInstituto Benito Arias Montano, _c1977. |
||
| 300 |
_aXV, 609 p. ; _c28 cm. |
||
| 650 | 4 |
_aLengua sefardí- _xDiccionarios- _xFrancés. _9168224 |
|
| 700 | 1 |
_aCantera, Jesús _d1923-2017 _934641 |
|
| 710 | 2 |
_aInstituto "Arias Montano" _94797 |
|
| 852 |
_aES-MaACL _jA-8189 _bR.96799 |
||
| 999 |
_c111326 _d111326 |
||